000 00376nam a2200157Ia 4500
999 _c10790
_d10790
008 191201s2011 xx 000 0 und d
082 _a510
_bPIS
100 _aPILLAI, R.S.N.
245 0 _aStatistics : Theory and Practice
250 _a8th
260 _aNew Delhi
_bS Chand
_c2019
300 _a875
650 _aBA Economics
700 _aBagavathi
942 _2ddc
_cBK
_04